Narrativa actual de Valparaíso: antología
Guardat en:
| Autor principal: | |
|---|---|
| Format: | Llibre |
| Idioma: | espanyol |
| Publicat: |
Valparaíso
Ediciones Océano
1970
Valparaíso Sociedad de Escritores de Valparaíso 1970 |
| Matèries: | |
| Etiquetes: |
Afegir etiqueta
Sense etiquetes, Sigues el primer a etiquetar aquest registre!
|
MARC
| LEADER | 00000nam a2200000 a 4500 | ||
|---|---|---|---|
| 001 | UCG2293 | ||
| 003 | CL-VaPUC | ||
| 008 | 100701e19700000CL |||||||||||||||||spa|d | ||
| 082 | 0 | 4 | |a Ch863 |b FLO |2 21 |
| 100 | 0 | |a Flores, Julio |e author |9 550729 | |
| 245 | 1 | 0 | |a Narrativa actual de Valparaíso: antología |
| 300 | |a 233 p | ||
| 942 | |c BK | ||
| 945 | |d 20100701 00:00:00 |a dcastane | ||
| 260 | |a Valparaíso |b Ediciones Océano |c 1970 | ||
| 260 | |a Valparaíso |b Sociedad de Escritores de Valparaíso |c 1970 | ||
| 650 | 0 | |a Narrativa chilena |9 342463 | |
| 650 | 0 | |a Literatura chilena |9 308278 | |
| 583 | |a last modification |c 20130326 11:34:24 |k Rodrigo Vera | ||
| 999 | |c 341511 |d 341509 | ||
| 952 | |0 0 |1 0 |4 0 |6 CH_863_000000000000000_FLO_1970_1970 |7 0 |8 X |9 437081 |a FDOBUD |b FDOBUD |d 2019-11-22 |i 468236K |o Ch863 FLO 1970 1970 |p 468236K |r 2019-11-22 |w 2019-11-22 |y BK_X |k BUD | ||